Košarkaška reprezentacija Srbije - Statistics

General Stats
  • This quiz has been taken 1 058 times
    242 since last reset
  • The average score is 163 of 312
Answer Stats
God Poz Igrač % Correct
2025 EuroBasket C Nikola Jokić
99%
2024 Olympics C Nikola Jokić
99%
2022 EuroBasket C Nikola Jokić
99%
2019 FIBA World Cup C Nikola Jokić
99%
2016 Olympics C Nikola Jokić
99%
2025 EuroBasket SG Bogdan Bogdanović
97%
2024 Olympics SG Bogdan Bogdanović
97%
2023 FIBA World Cup SG Bogdan Bogdanović
97%
2019 FIBA World Cup SG Bogdan Bogdanović
97%
2017 EuroBasket SG Bogdan Bogdanović
97%
2016 Olympics SG Bogdan Bogdanović
97%
2015 EuroBasket SG Bogdan Bogdanović
97%
2014 FIBA World Cup SG Bogdan Bogdanović
97%
2013 EuroBasket SG Bogdan Bogdanović
97%
2025 EuroBasket PG Aleksa Avramović
90%
2024 Olympics PG Aleksa Avramović
90%
2023 FIBA World Cup PG Aleksa Avramović
90%
2025 EuroBasket SF Nikola Jović
90%
2024 Olympics PF Nikola Jović
90%
2023 FIBA World Cup PF Nikola Jović
90%
2025 EuroBasket PG Stefan Jović
90%
2023 FIBA World Cup PG Stefan Jović
90%
2019 FIBA World Cup PG Stefan Jović
90%
2017 EuroBasket PG Stefan Jović
90%
2016 Olympics PG Stefan Jović
90%
2014 FIBA World Cup PG Stefan Jović
90%
2025 EuroBasket SF Ognjen Dobrić
85%
2024 Olympics SF Ognjen Dobrić
85%
2023 FIBA World Cup SF Ognjen Dobrić
85%
2025 EuroBasket PG Vasilije Micić
85%
2024 Olympics PG Vasilije Micić
85%
2022 EuroBasket PG Vasilije Micić
85%
2019 FIBA World Cup PG Vasilije Micić
85%
2017 EuroBasket PG Vasilije Micić
85%
2013 EuroBasket PG Vasilije Micić
85%
2024 Olympics SF Dejan Davidovac
84%
2023 FIBA World Cup SF Dejan Davidovac
84%
2022 EuroBasket SF Dejan Davidovac
84%
2016 Olympics PG Miloš Teodosić
83%
2015 EuroBasket PG Miloš Teodosić
83%
2014 FIBA World Cup PG Miloš Teodosić
83%
2011 EuroBasket PG Miloš Teodosić
83%
2010 FIBA World Cup PG Miloš Teodosić
83%
2009 EuroBasket PG Miloš Teodosić
83%
2007 EuroBasket PG Miloš Teodosić
83%
2025 EuroBasket C Nikola Milutinov
83%
2024 Olympics C Nikola Milutinov
83%
2023 FIBA World Cup C Nikola Milutinov
83%
2022 EuroBasket C Nikola Milutinov
83%
2019 FIBA World Cup C Nikola Milutinov
83%
2015 EuroBasket C Nikola Milutinov
83%
2025 EuroBasket SG Vanja Marinković
83%
2024 Olympics SG Vanja Marinković
83%
2023 FIBA World Cup SG Vanja Marinković
83%
2022 EuroBasket SG Vanja Marinković
83%
2025 EuroBasket SG Marko Gudurić
80%
2024 Olympics SG Marko Gudurić
80%
2023 FIBA World Cup SG Marko Gudurić
80%
2022 EuroBasket SG Marko Gudurić
80%
2019 FIBA World Cup SG Marko Gudurić
80%
2017 EuroBasket SG Marko Gudurić
80%
2025 EuroBasket PF Filip Petrušev
77%
2024 Olympics PF Filip Petrušev
77%
2023 FIBA World Cup C Filip Petrušev
77%
2002 FIBA World Cup C Vlade Divac
72%
1999 EuroBasket C Vlade Divac
72%
1996 Olympics C Vlade Divac
72%
1995 EuroBasket C Vlade Divac
72%
2022 EuroBasket SF Nikola Kalinić
71%
2016 Olympics SF Nikola Kalinić
71%
2015 EuroBasket SF Nikola Kalinić
71%
2014 FIBA World Cup SF Nikola Kalinić
71%
2013 EuroBasket SF Nikola Kalinić
71%
2025 EuroBasket PF Tristan Vukčević
68%
2019 FIBA World Cup C Miroslav Raduljica
67%
2016 Olympics C Miroslav Raduljica
67%
2015 EuroBasket C Miroslav Raduljica
67%
2014 FIBA World Cup C Miroslav Raduljica
67%
2009 EuroBasket C Miroslav Raduljica
67%
2022 EuroBasket SG Nemanja Nedović
67%
2016 Olympics SG Nemanja Nedović
67%
2015 EuroBasket SG Nemanja Nedović
67%
2013 EuroBasket SG Nemanja Nedović
67%
1998 FIBA World Cup PG Aleksandar Đorđević
65%
1997 EuroBasket PG Aleksandar Đorđević
65%
1996 Olympics PG Aleksandar Đorđević
65%
1995 EuroBasket PG Aleksandar Đorđević
65%
2003 EuroBasket SG Dušan Vukčević
64%
2003 EuroBasket SF Predrag Stojaković
61%
2002 FIBA World Cup SF Predrag Stojaković
61%
2001 EuroBasket SF Predrag Stojaković
61%
2000 Olympics SF Predrag Stojaković
61%
1999 EuroBasket SF Predrag Stojaković
61%
2005 EuroBasket SF Dejan Bodiroga
60%
2004 Olympics SF Dejan Bodiroga
60%
2002 FIBA World Cup SF Dejan Bodiroga
60%
2001 EuroBasket SF Dejan Bodiroga
60%
2000 Olympics SF Dejan Bodiroga
60%
1999 EuroBasket SF Dejan Bodiroga
60%
1998 FIBA World Cup SF Dejan Bodiroga
60%
1997 EuroBasket SF Dejan Bodiroga
60%
1996 Olympics SF Dejan Bodiroga
60%
1995 EuroBasket SF Dejan Bodiroga
60%
2000 Olympics SG Predrag Danilović
60%
1999 EuroBasket SG Predrag Danilović
60%
1997 EuroBasket SG Predrag Danilović
60%
1996 Olympics SG Predrag Danilović
60%
1995 EuroBasket SG Predrag Danilović
60%
2023 FIBA World Cup C Dušan Ristić
59%
2022 EuroBasket C Dušan Ristić
59%
2001 EuroBasket PG Saša Obradović
59%
2000 Olympics PG Saša Obradović
59%
1999 EuroBasket PG Saša Obradović
59%
1998 FIBA World Cup PG Saša Obradović
59%
1997 EuroBasket PG Saša Obradović
59%
1996 Olympics PG Saša Obradović
59%
1995 EuroBasket PG Saša Obradović
59%
2024 Olympics C Uroš Plavšić
59%
2017 EuroBasket C Vladimir Štimac
59%
2016 Olympics C Vladimir Štimac
59%
2014 FIBA World Cup C Vladimir Štimac
59%
2013 EuroBasket C Vladimir Štimac
59%
2019 FIBA World Cup SF Nemanja Bjelica
56%
2015 EuroBasket SF Nemanja Bjelica
56%
2014 FIBA World Cup SF Nemanja Bjelica
56%
2013 EuroBasket SF Nemanja Bjelica
56%
2011 EuroBasket SF Nemanja Bjelica
56%
2010 FIBA World Cup SF Nemanja Bjelica
56%
2009 EuroBasket SF Nemanja Bjelica
56%
2022 EuroBasket SF Vladimir Lučić
56%
2019 FIBA World Cup SF Vladimir Lučić
56%
2017 EuroBasket SF Vladimir Lučić
56%
2019 FIBA World Cup C Boban Marjanović
55%
2017 EuroBasket C Boban Marjanović
55%
2011 EuroBasket C Boban Marjanović
55%
2014 FIBA World Cup C Nenad Krstić
55%
2013 EuroBasket C Nenad Krstić
55%
2011 EuroBasket C Nenad Krstić
55%
2010 FIBA World Cup C Nenad Krstić
55%
2009 EuroBasket C Nenad Krstić
55%
2005 EuroBasket C Nenad Krstić
55%
2004 Olympics C Nenad Krstić
55%
2016 Olympics PG Stefan Marković
55%
2015 EuroBasket PG Stefan Marković
55%
2014 FIBA World Cup PG Stefan Marković
55%
2013 EuroBasket PG Stefan Marković
55%
2011 EuroBasket PG Stefan Marković
55%
2010 FIBA World Cup PG Stefan Marković
55%
2009 EuroBasket PG Stefan Marković
55%
2007 EuroBasket PG Stefan Marković
55%
2013 EuroBasket SF Nemanja Krstić
53%
2023 FIBA World Cup PF Boriša Simanić
52%
2017 EuroBasket PF Milan Mačvan
52%
2016 Olympics PF Milan Mačvan
52%
2011 EuroBasket PF Milan Mačvan
52%
2010 FIBA World Cup PF Milan Mačvan
52%
2009 EuroBasket PF Milan Mačvan
52%
1999 EuroBasket PF Milenko Topić
52%
1998 FIBA World Cup PF Milenko Topić
52%
1997 EuroBasket PF Milenko Topić
52%
1996 Olympics PF Milenko Topić
52%
2005 EuroBasket C Željko Rebrača
52%
2000 Olympics C Željko Rebrača
52%
1998 FIBA World Cup C Željko Rebrača
52%
1997 EuroBasket C Željko Rebrača
52%
1996 Olympics C Željko Rebrača
52%
1995 EuroBasket C Željko Rebrača
52%
2007 EuroBasket C Darko Miličić
50%
2006 FIBA World Cup C Darko Miličić
50%
2005 EuroBasket C Darko Miličić
50%
2022 EuroBasket PG Ognjen Jaramaz
49%
1996 Olympics SF Žarko Paspalj
49%
1995 EuroBasket SF Žarko Paspalj
49%
2007 EuroBasket PG Marko Jarić
46%
2005 EuroBasket PG Marko Jarić
46%
2003 EuroBasket PG Marko Jarić
46%
2002 FIBA World Cup PG Marko Jarić
46%
2001 EuroBasket PG Marko Jarić
46%
2017 EuroBasket SF Branko Lazić
45%
2007 EuroBasket SF Milan Gurović
45%
2005 EuroBasket SF Milan Gurović
45%
2003 EuroBasket SF Milan Gurović
45%
2002 FIBA World Cup SF Milan Gurović
45%
2001 EuroBasket SF Milan Gurović
45%
1999 EuroBasket SF Milan Gurović
45%
2019 FIBA World Cup PF Stefan Birčević
45%
2017 EuroBasket PF Stefan Birčević
45%
2016 Olympics PF Stefan Birčević
45%
2014 FIBA World Cup PF Stefan Birčević
45%
2006 FIBA World Cup SG Igor Rakočević
43%
2005 EuroBasket SG Igor Rakočević
43%
2004 Olympics SG Igor Rakočević
43%
2002 FIBA World Cup SG Igor Rakočević
43%
2001 EuroBasket SG Igor Rakočević
43%
2000 Olympics SG Igor Rakočević
43%
2017 EuroBasket C Ognjen Kuzmić
43%
2015 EuroBasket C Ognjen Kuzmić
43%
2014 FIBA World Cup C Raško Katić
43%
2013 EuroBasket C Raško Katić
43%
2005 EuroBasket PF Dejan Tomašević
42%
2004 Olympics PF Dejan Tomašević
42%
2002 FIBA World Cup PF Dejan Tomašević
42%
2001 EuroBasket PF Dejan Tomašević
42%
2000 Olympics PF Dejan Tomašević
42%
1999 EuroBasket PF Dejan Tomašević
42%
1998 FIBA World Cup PF Dejan Tomašević
42%
1997 EuroBasket PF Dejan Tomašević
42%
1996 Olympics PF Dejan Tomašević
42%
1995 EuroBasket PF Dejan Tomašević
42%
2022 EuroBasket PF Marko Jagodić-Kuridža
42%
2019 FIBA World Cup SF Marko Simonović
42%
2016 Olympics SF Marko Simonović
42%
2015 EuroBasket SF Marko Simonović
42%
2014 FIBA World Cup SF Marko Simonović
42%
2010 FIBA World Cup PF Novica Veličković
41%
2009 EuroBasket PF Novica Veličković
41%
2007 EuroBasket PF Novica Veličković
41%
2011 EuroBasket SG Milenko Tepić
38%
2010 FIBA World Cup SG Milenko Tepić
38%
2009 EuroBasket SG Milenko Tepić
38%
2007 EuroBasket SG Milenko Tepić
38%
2001 EuroBasket SG Veselin Petrović
36%
2006 FIBA World Cup C Mile Ilić
35%
2005 EuroBasket PF Vladimir Radmanović
35%
2004 Olympics SF Vladimir Radmanović
35%
2002 FIBA World Cup SF Vladimir Radmanović
35%
1997 EuroBasket PF Zoran Savić
33%
1996 Olympics PF Zoran Savić
33%
1995 EuroBasket PF Zoran Savić
33%
2015 EuroBasket C Zoran Erceg
32%
2007 EuroBasket C Zoran Erceg
32%
2017 EuroBasket SG Dragan Milosavljević
31%
2015 EuroBasket SG Dragan Milosavljević
31%
2011 EuroBasket SF Marko Kešelj
31%
2010 FIBA World Cup SF Marko Kešelj
31%
2004 Olympics C Predrag Drobnjak
31%
2003 EuroBasket C Predrag Drobnjak
31%
2002 FIBA World Cup C Predrag Drobnjak
31%
2001 EuroBasket C Predrag Drobnjak
31%
2000 Olympics C Predrag Drobnjak
31%
1998 FIBA World Cup C Predrag Drobnjak
31%
2013 EuroBasket SG Danilo Anđušić
29%
2003 EuroBasket C Dejan Koturović
29%
2002 FIBA World Cup C Dejan Koturović
29%
1995 EuroBasket C Dejan Koturović
29%
2011 EuroBasket C Kosta Perović
29%
2010 FIBA World Cup C Kosta Perović
29%
2009 EuroBasket C Kosta Perović
29%
2006 FIBA World Cup C Kosta Perović
29%
2003 EuroBasket C Kosta Perović
29%
2004 Olympics PG Miloš Vujanić
27%
2003 EuroBasket PG Miloš Vujanić
27%
2002 FIBA World Cup PG Miloš Vujanić
27%
1998 FIBA World Cup SG Miroslav Berić
27%
1997 EuroBasket SG Miroslav Berić
27%
1996 Olympics SG Miroslav Berić
27%
1995 EuroBasket SG Miroslav Berić
27%
2009 EuroBasket SG Uroš Tripković
27%
2006 FIBA World Cup SG Uroš Tripković
27%
2005 EuroBasket SG Vlado Šćepanović
27%
2004 Olympics SG Vlado Šćepanović
27%
2001 EuroBasket SG Vlado Šćepanović
27%
2000 Olympics SG Vlado Šćepanović
27%
1999 EuroBasket SG Vlado Šćepanović
27%
1998 FIBA World Cup SG Vlado Šćepanović
27%
2004 Olympics SF Aleksandar Pavlović
26%
2011 EuroBasket PF Duško Savanović
26%
2010 FIBA World Cup PF Duško Savanović
26%
2005 EuroBasket PF Dejan Milojević
25%
2001 EuroBasket PF Dejan Milojević
25%
2001 EuroBasket C Dragan Tarlać
25%
2000 Olympics C Dragan Tarlać
25%
1999 EuroBasket C Dragan Tarlać
25%
2011 EuroBasket SF Ivan Paunić
24%
2010 FIBA World Cup SF Ivan Paunić
24%
2009 EuroBasket SF Ivan Paunić
24%
1999 EuroBasket SF Nikola Lončar
24%
1998 FIBA World Cup SF Nikola Lončar
24%
1997 EuroBasket SF Nikola Lončar
24%
1996 Olympics SF Nikola Lončar
24%
2011 EuroBasket PG Aleksandar Rašić
23%
2010 FIBA World Cup PG Aleksandar Rašić
23%
2000 Olympics PG Dragan Lukovski
22%
1999 EuroBasket PG Dragan Lukovski
22%
1998 FIBA World Cup PG Dragan Lukovski
22%
1998 FIBA World Cup C Nikola Bulatović
22%
1997 EuroBasket C Nikola Bulatović
22%
2007 EuroBasket SG Vuk Radivojević
22%
2006 FIBA World Cup PG Vule Avdalović
21%
2005 EuroBasket PG Vule Avdalović
21%
2004 Olympics PG Vule Avdalović
21%
2003 EuroBasket PG Vule Avdalović
21%
2009 EuroBasket PG Bojan Popović
20%
2006 FIBA World Cup PG Bojan Popović
20%
2013 EuroBasket PF Đorđe Gagić
20%
2004 Olympics C Petar Popović
20%
1995 EuroBasket PG Zoran Sretenović
20%
2006 FIBA World Cup PF Goran Nikolić
18%
2007 EuroBasket SF Nemanja Aleksandrov
18%
2007 EuroBasket PF Dragan Labović
17%
2002 FIBA World Cup PF Žarko Čabarkapa
17%
1997 EuroBasket SG Miroslav Radošević
15%
2004 Olympics C Đuro Ostojić
14%
2003 EuroBasket C Đuro Ostojić
14%
2006 FIBA World Cup PF Ognjen Aškrabić
12%
2003 EuroBasket PF Ognjen Aškrabić
12%
2006 FIBA World Cup SF Branko Jorović
11%
2006 FIBA World Cup PG Marko Marinović
11%
2000 Olympics C Nikola Jestratijević
11%
2007 EuroBasket SF Branko Cvetković
10%
2006 FIBA World Cup PF Miroslav Raičević
8%
2003 EuroBasket SG Nebojša Bogavac
5%
No matching quizzes found
Score Distribution
Percent of People with Each Score
Percentile by Number Answered
Your Score History
You have not taken this quiz since the last reset